| 000 | 00780cam a2200253u 4500 | ||
|---|---|---|---|
| 001 | 7047984 | ||
| 003 | OSt | ||
| 005 | 20231103122850.0 | ||
| 008 | 830419s1963 pk 000 0 eng | ||
| 010 | _asa 64009234 | ||
| 020 | _a983954103X | ||
| 040 |
_aDLC _cCarP _dDLC |
||
| 050 | 0 | 0 |
_aBP163 _b.M3823 |
| 082 |
_a297 _bMAU/S |
||
| 100 | 1 |
_aMaudoodi, Syed Abul ʻAla, _d1903-1979 _99824 |
|
| 240 | 1 | 0 |
_aTajdīd-i-Ahyā-i-dīn. _lEnglish |
| 245 | 1 | 2 | _aA short history of the revivalist movement in Islam, |
| 250 | _a[1st ed.] | ||
| 260 |
_aLahore, _bIslamic Publications, _c1963. |
||
| 300 |
_avii, 156 p. _c19 cm. |
||
| 650 | 0 |
_aIslam _y20th century. |
|
| 906 |
_a0 _bcbc _cpremunv _du _encip _f19 _gy-gencatlg |
||
| 942 |
_2ddc _cBK _h297 _iMAU/S _k297 _mMAU/S |
||
| 999 |
_c42780 _d42780 |
||